Score 0/20 Timer 04:00
0 Plays Today
% Correct
Peking duck
89%
Quesadilla
89%
Apple pie
88%
Sauerkraut
84.4%
Paella
83.9%
Fish and chips
81%
Goulash
78.5%
Bouillabaisse
76%
Borscht
75%
Doner kebab
74.4%
% Correct
Raclette
70.7%
Nasi goreng
70.3%
Souvlaki
64.6%
Falafel
62.4%
Minestrone
62.1%
Risotto
60.6%
Pizza
59.1%
Matzo
56.7%
Solyanka
42.9%
Sushi
40.6%

You're not logged in!

Compare scores with friends on all Sporcle quizzes.
OR
Log In

Sporcle TV

Today on Sporcle TV


Watch our educational content, quiz creation guides, and fun videos on Sporcle TV.

Show Comments

Extras

Top Quizzes Today


Score Distribution

Paid Content

Your Account Isn't Verified!

In order to create a playlist on Sporcle, you need to verify the email address you used during registration. Go to your Sporcle Settings to finish the process.

Report this User

Report this user for behavior that violates our Community Guidelines.

Details: